| 000 | 00748cam a22002533a 4500 | ||
|---|---|---|---|
| 001 | 13032 | ||
| 003 | PGUSA | ||
| 005 | 20140828083300.0 | ||
| 008 | 040726s2004||||xxu|||||s|||||000 | eng d | ||
| 040 |
_aPGUSA _beng |
||
| 042 | _adc | ||
| 050 | 4 | _aGR | |
| 100 | 1 |
_aClouston, W. A. _q(William Alexander), _d1843-1896 |
|
| 245 | 1 | 4 |
_aThe Book of Noodles : _bStories of Simpletons; or, Fools and Their Follies _h[electronic resource] / _cW. A. Clouston |
| 260 |
_bProject Gutenberg, _c2004 |
||
| 506 | _aPublic domain in the USA. | ||
| 516 | _aElectronic text | ||
| 653 | _aFools and jesters | ||
| 653 | _aTricksters | ||
| 653 | _aTales | ||
| 830 | 0 |
_aProject Gutenberg _v13032 |
|
| 856 | 4 | 0 | _uhttp://www.gutenberg.org/ebooks/13032 |
| 942 | _cEB | ||
| 999 |
_c242287 _d242287 |
||